|
|
|
|
| LEADER |
00000nab a2200000 a 4500 |
| 001 |
vtls000182551 |
| 003 |
SK-MaSNL |
| 005 |
20260304210921.0 |
| 008 |
220422c1984 xo 0 slo |
| 015 |
|
|
|a SNBRB19rr/mm-uuuuu
|
| 035 |
|
|
|a CL0192664
|
| 040 |
|
|
|a SNKBUCL
|b slo
|c SNKBUCL
|e AACR2
|
| 041 |
0 |
|
|a slo
|
| 044 |
|
|
|a xo
|c SK
|
| 080 |
|
|
|a 616.89-07
|2 1981
|
| 245 |
0 |
0 |
|a Sledovanie zmien psychiatrických diagnóz v priebehu diagnostického procesu v rámci jedného ataku choroby
|c J. Molčan, T. Čaplová, J. Fleischer, E. Kolibáš, M. Koníková, V. Novotný, Ľ. Polák, I. Žucha
|
| 300 |
|
|
|b Tb. 5. Graf 1
|
| 504 |
|
|
|a Bibliogr. odkazy
|
| 546 |
|
|
|a Res. rus., angl.
|
| 650 |
0 |
7 |
|a duševné poruchy
|2 snkbucl
|9 2454
|
| 655 |
|
7 |
|a články z novín a časopisov
|2 snkbucl
|9 267496
|
| 700 |
1 |
|
|a Molčan, Ján,
|d 1925-1991
|4 aut
|9 233806
|
| 700 |
1 |
|
|a Čaplová, Tatiana,
|d 1945-
|4 aut
|9 216346
|
| 700 |
1 |
|
|a Fleischer, Juraj,
|d 1937-2012
|4 aut
|9 233783
|
| 700 |
1 |
|
|a Kolibáš, Eduard,
|d 1938-
|4 aut
|9 13608
|
| 700 |
1 |
|
|a Koníková, Mariana
|4 aut
|9 810697
|
| 700 |
1 |
|
|a Novotný, V.
|4 aut
|9 350415
|
| 700 |
1 |
|
|a Polák, Ľ.
|4 aut
|9 1122766
|
| 700 |
1 |
|
|a Žucha, Ivan,
|d 1935-2009
|4 aut
|9 249788
|
| 773 |
0 |
|
|t Československá psychiatrie
|g Roč. 80, č. 2 (1984), s. 72-80
|
| 850 |
|
|
|a Slovenská národná knižnica v Martine
|a MTA001
|
| 852 |
|
|
|a SNK
|b KIS3GCP
|
| 958 |
|
|
|a NB
|
| 958 |
|
|
|a RK
|
| 958 |
|
|
|a ME
|
| 992 |
|
|
|a RBX
|
| 999 |
|
|
|c 3128024
|d 3129954
|